000 00609nam a2200241Ia 4500
005 20260430150526.0
008 008 250103s9999 xx 000 0 eng d
037 _aTheses
040 _aCRL
040 _beng
040 _ceng
041 _2eng
041 _aeng
084 _qCRL
100 _aSingh Priyanka Au.; Alam Shams Gu.
_91237754
245 0 _aEkkisween sadi ke Urdu afsanon mein samajiyati anasir
260 _c2023
300 _a293p.
650 _aUrdu Fiction
700 _aUniversity of Delhi. Faculty of Arts. Department of Urdu
942 _cTH
999 _c1849993
_d1849993